| 000 | 01003nam a2200229Ii 4500 | ||
|---|---|---|---|
| 003 | JO-AjNU | ||
| 008 | 230605s9999||||xx |||||||||||||| ||und|| | ||
| 017 | _a2004/3161 | ||
| 020 | _a977-5673-34-8 | ||
| 040 |
_aJO-AjNU _bara _erda _cJO-AjNU |
||
| 041 | _aara | ||
| 050 | 1 | 4 | _aHQ1729 2004 |
| 100 | 3 |
_a تأليف: أبو علبة، عبلة محمود, _eauthor _918364 |
|
| 245 | 0 | 0 | _aالمرأة العربية العاملة : المعوقات ومتطلبات النجاح في العمل القيادي |
| 264 | 3 | 1 | _aالقاهرة: المنظمة العربية للتنمية الادارية، 2004 |
| 300 |
_a108ص _bيحتوي ببلوغرافية من ص 105-108ص |
||
| 336 |
_atext _btxt _2rdacontent |
||
| 337 |
_aunmediated _bn _2rdamedia |
||
| 338 |
_avolume _bnc _2rdacarrier |
||
| 490 | 0 | _aمطبوعات المنظمة العربية للتنمية الإدارية. بحوث ودراسات ؛ 389 | |
| 650 | 4 |
_aالمرأة العاملة - البلاد العربية _918365 |
|
| 999 |
_aA5859 _c9427 _d9427 |
||